The lovemarks effect : (Record no. 353858)

000 -LEADER
fixed length control field 02071nam a2200217 a 4500
001 - CONTROL NUMBER
control field ASIN157687267X
003 - CONTROL NUMBER IDENTIFIER
control field OSt
005 - DATE AND TIME OF LATEST TRANSACTION
control field 20180116192419.0
008 - FIXED-LENGTH DATA ELEMENTS--GENERAL INFORMATION
fixed length control field 131231s2006 xxu eng d
020 ## - INTERNATIONAL STANDARD BOOK NUMBER
International Standard Book Number 157687267X (hardcover)
Terms of availability $29.95
020 ## - INTERNATIONAL STANDARD BOOK NUMBER
International Standard Book Number 9781576872673 (hardcover)
040 ## - CATALOGING SOURCE
Transcribing agency a
082 ## - DEWEY DECIMAL CLASSIFICATION NUMBER
Classification number 658.8342
Author Mark KEV 2005
100 1# - MAIN ENTRY--PERSONAL NAME
Personal name Roberts, Kevin.
9 (RLIN) 7184
245 14 - TITLE STATEMENT
Title The lovemarks effect :
Remainder of title winning in the consumer revolution /
Statement of responsibility, etc. Kevin Roberts.
260 ## - PUBLICATION, DISTRIBUTION, ETC.
Place of publication, distribution, etc. [S.l.] :
Name of publisher, distributor, etc. powerHouse Books,
Date of publication, distribution, etc. 2006.
300 ## - PHYSICAL DESCRIPTION
Extent 264 p. ;
Dimensions 24 cm.
520 ## - SUMMARY, ETC.
Summary, etc. A business revolution is changing all the rules of the marketplace. Power is shifting from manufacturers and retailers directly to consumers, freshly enabled with information, choice, and connectivity. Price, service, quality, and design advantages are no longer enough to win. In 2000, Kevin Roberts, CEO Worldwide of ideas company Saatchi & Saatchi said that brands were running out of juice. In Lovemarks: the future beyond brands , Roberts showed how Mystery, Sensuality, and Intimacy can create powerful emotional connections with consumers. The response to the book was electric. Now in 16 languages, Lovemarks has generated a wave of consumer conversations stretching over 100-plus countries. In this follow-up book, The Lovemarks Effect: Winning in the Consumer Revolution , the people speak: consumers, owners, and marketers show the impact of Lovemarks on their lives, their businesses, and their aspirations. How consumers feel about your company—their emotional connection to you—is what now determines success. The Lovemarks Effect: Winning in the Consumer Revolution offers instruction and inspiration about creating emotional connections and winning in a consumer-empowered future. From the aisles of the in-store experience to the power of sustainable design, from Lovemarks research to consumer stories, The Lovemarks Effect is a joyride through the evolving business landscape.
856 40 - ELECTRONIC LOCATION AND ACCESS
Materials specified Amazon.com
Uniform Resource Identifier <a href="http://www.amazon.com/exec/obidos/ASIN/157687267X/chopaconline-20">http://www.amazon.com/exec/obidos/ASIN/157687267X/chopaconline-20</a>
942 ## - ADDED ENTRY ELEMENTS (KOHA)
Source of classification or shelving scheme
Koha item type Book
Holdings
Withdrawn status Lost status Source of classification or shelving scheme Damaged status Not for loan Permanent Location Current Location Date acquired Total Checkouts Full call number Barcode Date last seen Date last checked out Cost, replacement price Price effective from Koha item type
          School of Art Design and Architecture (SADA) School of Art Design and Architecture (SADA) 12/31/2013 4 658.8342 KEV 2005 SADA0002181 02/01/2016 01/15/2016 3489.15 12/31/2013 Book
© 2023 Central Library, National University of Sciences and Technology. All Rights Reserved.